书目信息 |
| 题名: |
家具图集
|
|
| 作者: | ;北京市木才厂 编 | |
| 分册: | ||
| 出版信息: | 北京 北京出版社 1981.3 |
|
| 页数: | 164页 | |
| 开本: | 20 | |
| 丛书名: | ||
| 单 册: | ||
| 中图分类: | TS654 | |
| 科图分类: | ||
| 主题词: | 木材加工 | |
| 电子资源: | ||
| ISBN: | ||
| 000 | 00508nam0 2200181 45 | |
| 001 | 0181011381 | |
| 005 | 20060820111013.17 | |
| 010 | @dCNY0.88 | |
| 100 | @a20810111d km y0chiy0120 ea | |
| 101 | 0 | @achi |
| 200 | 1 | @a家具图集@Ajia ju tu ji@f北京市木才厂编@Fbei jing shi mu cai chang bian |
| 210 | @a北京@c北京出版社@d1981.3 | |
| 215 | @a164页@d20 | |
| 606 | 0 | @a木材加工 |
| 690 | @aTS654 | |
| 711 | 0 | @a北京市木才厂@Abei jing shi mu cai chang@4编 |
| 801 | @aCN@bTSTC@c20060820 | |
| 905 | @dTS654@e22@f1@b99626 | |
| 家具图集/北京市木才厂编.-北京:北京出版社,1981.3 |
| 164页;20 |
| ISBN :CNY0.88 |
| ● |
| 相关链接 |
|
|
|
|
正题名:家具图集
索取号:TS654/22
 
预约/预借
| 序号 | 登录号 | 条形码 | 馆藏地/架位号 | 状态 | 备注 |
| 1 | 0099626 | 202215334 | 密集书库/ [索取号:TS654/22] | 在馆 | |
| 2 | 0470347 | 204703473 | 密集书库/ [索取号:TS654/22] | 在馆 |